[Event "Mittelrhein Verbandsliga-W 18/19"]
[Site "Nordrheinwestfalen"]
[Date "2019.04.07"]
[Round "9.8"]
[White "Koch, Peter"]
[Black "Janknecht, Eckart"]
[Result "1-0"]
[WhiteElo "1784"]
[BlackElo "1736"]
[PlyCount "83"]
[EventDate "2018.09.02"]
[EventType "team-tourn"]
[EventRounds "11"]
[EventCountry "GER"]
[SourceTitle "EXT 2022"]
[Source "ChessBase"]
[SourceDate "2021.10.06"]
[SourceVersion "1"]
[SourceVersionDate "2021.10.06"]
[SourceQuality "1"]
[WhiteTeam "Brand SF"]
[BlackTeam "Koeln Lasker II"]
[WhiteTeamCountry "GER"]
[BlackTeamCountry "GER"]

1. c4 e5 2. Nc3 Nf6 3. e4 Bc5 4. Nf3 Nc6 5. Nxe5 Nxe5 6. d4 Bb4 7. dxe5 Bxc3+ 8. bxc3 Nxe4 9. Qg4 f5 10. Qxg7 Rf8 11. Bh6 Rf7 12. Qg8+ Ke7 13. Bg5+ Nxg5 14. Qxg5+ Ke8 15. Qg3 b6 16. Be2 Kf8 17. Bf3 c6 18. Rd1 Rg7 19. Qf4 Qg5 20. Qd4 Bb7 21. 0-0 Kg8 22. Rfe1 c5 23. Bd5+ Kh8 24. Qd3 Bxd5 25. Qxd5 Rag8 26. g3 f4 27. e6 dxe6 28. Qxg5 Rxg5 29. Rxe6 fxg3 30. hxg3 Rg4 31. Rd7 R4g7 32. Rxg7 Rxg7 33. Re8+ Rg8 34. Rxg8+ Kxg8 35. f4 Kf7 36. Kf2 Ke6 37. g4 h6 38. Kf3 Kf6 39. Ke4 Ke6 40. g5 h5 41. f5+ Kf7 42. Kf4 1-0

[Event "Mittelrhein Verbandsliga-W 18/19"]
[Site "Nordrheinwestfalen"]
[Date "2019.02.10"]
[Round "7.3"]
[White "Wilhelm, Oliver"]
[Black "Koch, Peter"]
[Result "0-1"]
[WhiteElo "1903"]
[BlackElo "1784"]
[PlyCount "58"]
[EventDate "2018.09.02"]
[EventType "team-tourn"]
[EventRounds "11"]
[EventCountry "GER"]
[SourceTitle "EXT 2022"]
[Source "ChessBase"]
[SourceDate "2021.10.06"]
[SourceVersion "1"]
[SourceVersionDate "2021.10.06"]
[SourceQuality "1"]
[WhiteTeam "Eschweiler SC"]
[BlackTeam "Brand SF"]
[WhiteTeamCountry "GER"]
[BlackTeamCountry "GER"]

1. e4 c5 2. Nf3 e6 3. d4 Nf6 4. e5 Nd5 5. c4 Nb6 6. d5 exd5 7. cxd5 d6 8. Bb5+ Bd7 9. Bxd7+ Qxd7 10. Nc3 dxe5 11. Nxe5 Qf5 12. 0-0 Bd6 13. Nb5 Bxe5 14. f4 Bd4+ 15. Kh1 Qd7 16. Re1+ Kd8 17. Nxd4 cxd4 18. Qxd4 f6 19. Be3 Na6 20. d6 Re8 21. Qd3 Rc8 22. Bxb6+ axb6 23. Rxe8+ Qxe8 24. Qxh7 Qf8 25. Rd1 Rc6 26. Qd3 Nc5 27. Qd5 Qe8 28. b4 Ne4 29. d7 Qe6 0-1